000
00292nam a2200121Ia 4500
008
190216s9999||||xx |||||||||||||| ||und||
100
_a
Israel M Kirzner
245
0
_a
Economic Point Of View
260
_b
Affiliated East West Press
_c
1960
300
_a
228p
650
_a
Commerce
942
_c
BK
999
_c
9455
_d
9455